Schauspieler von Geheimagenten - Statistiken

Allgemein
  • Dieses Quiz wurde 90 mal gespielt
  • Das Durchschnittsergebnis liegt bei 7 aus 15
Antwortstatistiken
Hint Antwort % Korrekt
James Bond (Eon-Filmreihe) Sean Connery / David Niven / George Lazenby / Roger Moore / Timothy Dalton / Pierce Brosnan / Daniel Craig
87%
Johnny English Rowan Atkinson
76%
Black Widow Scarlett Johansson
70%
Jason Bourne Matt Damon
61%
Ethan Hunt Tom Cruise
57%
Xander Cage / Triple X Vin Diesel
57%
Austin Powers Mike Myers
54%
Gary "Eggsy" Unwin / Galahad Taron Egerton
40%
Jack Ryan Alec Baldwin / Harrison Ford / Ben Affleck / Chris Pine
31%
Harry Hart / Galahad Colin Firth
31%
Hubert Bonisseur de La Bath / OSS 117 Ivan Desny / Kerwin Matthews / Frederick Stafford / John Gavin / Luc Merenda / Jean Dujardin
30%
Harry Tasker / Harry Rehnquist Arnold Schwarzenegger
25%
Aubrey Argylle Henry Cavill
24%
Felonius Gru Steve Carell
22%
Billy Costigan Leonardo DiCaprio
16%
Keine übereinstimmenden Quizze gefunden
Verteilung der Resultate
Anzahl Personen mit jedem Resultat
Perzentil nach korrekt beantworteten Fragen
Ihre Resultats-Entwicklung
Sie haben dieses Quiz noch nicht gespielt